000 00957nam a22002657a 4500
003 OSt
005 20240910175156.0
008 240805b |||||||| |||| 00| 0 eng d
020 _a9780803601239(paperback)
040 _aNUST
_beng
_cNUST
_dNUST
_erda
050 _aREF RC86.8 SIN
100 _aSinger, Adam J
_eAuthor
245 _aEmergency medicine pearls :
_ba practical guide for the efficient resident /
_cSinger, Adam J
260 _aPhiladelphia :
_bF. A. Davis Company,
_c1996.
300 _axiii, 304 pages :
_bIllustrations ;
_c19 cm.
336 _2rdamedia
_atext
_btxt
337 _2rdamedia
_aunmediated
_bn
338 _2rdamedia
_avolume
_bnc
504 _aIncludes index.
650 _vEmergency medicine - Handbooks, manuals.
650 _vResidents (medicine) - Handbooks, manuals.
700 _aBurstein, Jonathan L
_eAuthor
700 _aSchiavone, frederick M
_eAuthor
942 _2lcc
_cBOOKS
_hRC86.8 SIN
_kRC
_mSIN
_n0
999 _c170947
_d170947